| 000 | 01964nam0a2200409 4500 | ||
|---|---|---|---|
| 001 | RU\NLR\BIBL_A\011713496 | ||
| 005 | 20260408081723.0 | ||
| 010 | _a978-5-906839-35-0 | ||
| 035 | _a(NLR Aleph) 011713496 | ||
| 090 |
_a11445694 _c11445694 |
||
| 100 | _a20180525d2016 |||y0rusy50 ca | ||
| 101 | 0 | _arus | |
| 102 | _aRU | ||
| 105 | _aa z 000zy | ||
| 106 | _as | ||
| 135 | _acrmn mmmancda | ||
| 200 | 1 |
_aЕдиная всероссийская спортивная классификация 2015–2018 гг. _bЭлектронный ресурс _e(зимние виды спорта) _fМинистерство спорта Российской Федерации _g[сост. И. В. Попов] |
|
| 210 |
_aМосква _cСпорт _d2016 |
||
| 215 |
_a134 с. _cил. |
||
| 230 | _aЭлектрон. дан. | ||
| 300 | _aЗагл. с титул. экрана | ||
| 325 | _aКопия доступна в Электрон. б-ке РНБ | ||
| 606 | 1 |
_aЗимние виды спорта _jНормативные документы _xСпортивная классификация _yРоссийская Федерация _92371310 _3RU\NLR\AUTH\6601637036 |
|
| 686 | 1 | _aЧ517.191.32 | |
| 686 | 1 | _aЧ511.1,6(2Р)32б | |
| 702 | 1 |
_4220 _aПопов _bИ. В. _cспорт. методист _9189303 _3RU\NLR\AUTH\770189354 |
|
| 712 | 0 | 1 |
_4570 _aРоссийская Федерация _bМинистерство спорта _9329142 _3RU\NLR\AUTH\8810222159 |
| 852 | 0 | 0 | _aNLR |
| 942 | _cBOOK | ||
| 980 | _aNB | ||
| 981 | 1 | 3 |
_a(13) Документы, защищенные авторским правом _b(13) Современная научная, научно-популярная и популярная л |